000 00270nam a22001097a 4500
082 _a621.381 DEM'M
100 _aMULLARD
_979533
245 _aDEMONSTRATION AND EXPERIMENTS IN ELECTRONICS AND MAGNETISM
260 _aLONDON
_bMULLARD
_c1960
300 _a84P
942 _cBK
999 _c584810
_d584810